Score 0/36 Timer 05:00
2 Plays Today
% Correct
Titanic
86.4%
E.T.: The Extra-Terrestrial
86.1%
Jaws
85.8%
Jurassic Park
85.6%
Batman
85.4%
STEVEN SPIELBERG
83.9%
The Terminator
83.7%
Avatar
82.1%
JAMES CAMERON
81%
Raiders of the Lost Ark
80.3%
Edward Scissorhands
78.7%
TIM BURTON
77.1%
Back to the Future
77%
Beetlejuice
75.5%
Charlie and the Chocolate Factory
75%
Forrest Gump
74.8%
Goodfellas
72.6%
Taxi Driver
71.4%
% Correct
MARTIN SCORSESE
68.8%
Shutter Island
68.2%
Corpse Bride
66.6%
Cast Away
65.2%
Halloween
63.7%
Who Framed Roger Rabbit
58.8%
Hugo
57.4%
The Wolf of Wall Street
57.4%
Aliens
53.8%
Close Encounters of the Third Kind
49.7%
ROBERT ZEMECKIS
46.8%
JOHN CARPENTER
41.1%
The Thing
40.6%
The Abyss
38.3%
Big Trouble in Little China
37.2%
Contact
33.8%
Escape from New York
32.6%
They Live
19.1%

You're not logged in!

Compare scores with friends on all Sporcle quizzes.
OR
Log In

Sporcle TV

Today on Sporcle TV


Watch our educational content, quiz creation guides, and fun videos on Sporcle TV.

Show Comments

Extras

Top Quizzes Today


Score Distribution

Paid Content

Your Account Isn't Verified!

In order to create a playlist on Sporcle, you need to verify the email address you used during registration. Go to your Sporcle Settings to finish the process.

Report this User

Report this user for behavior that violates our Community Guidelines.

Details: